000 01484cad a22002415a 4500
001 E148281
008 090827s2009 xxk f s000 0 eng d
020 _a9780755976249
035 _a(Sirsi) u148281
041 0 _aeng
050 0 4 _a630.09411 $2 18
110 2 _aNational Statistics
_95785
245 0 0 _aFarm business incomes in Scotland 2007/08
_h[electronic resource]
260 _aEdinburgh
_bScottish Government
_c2009
505 2 _aExecutive summary -- Introduction and background -- Relationship between NFI and FBI -- FBI and NFI comparisons 2007/08, national level -- FBI and NFI comparisons 2007/08, by farm tenure -- FBI and NFI comparisons 2007/08, by farm type -- FBI and NFI comparisons 2007/08, by farm size -- FBI and NFI comparisons 2007/08, income distributions -- FBI and NFI trend comparisons between 2006/07 & 2007/08 -- FBI UK comparisons 2007/08, by farm type -- Diversification -- Previously published estimates of diversified income from the Farm Accounts Survey -- Farm Accounts Survey, reliability of results -- Annexes
520 _aSets out first estimates of Farm Business Income generated by Scottish farms taking part in the Farm Accounts Survey.
521 _aAdvanced
590 _aKA
651 4 _aScotland
_y1999-
690 _aENVIRONMENTAL AND LAND CONSULTANCY-AGRIBUSINESS-AGRICULTURE
856 4 0 _uhttps://www.scotland.gov.uk/Resource/Doc/282745/0085530.pdf
_zView the report free of charge at www.scotland.gov.uk...
942 _n0
999 _c109986
_d109986